01149nam a2200325Ia 4500001000700000003000500007008004100012010001100053040000900064090001700073100003700090245013100127260004100258300001000299502007500309650002700384650002400411650002100435650004100456650004200497650003300539901001700572902000600589910000900595942000600604942000600610999001900616952009400635952009400729Z_5338CHAP220113s2006 xx 000 0 und d a168405 cCHAP aTesis R 1925 aRamírez Madera, Alfredo994117 aPerfil Lipídico de la carne de pollos alimentados con combinaciones de aceite de soya y atún /cAlfredo Ramírez Madera aChapingo, Méx. :bEl autor,c2006 a59 h. aTesis (Ing. Agr. Esp. en Zootecnia) -- UACH. Departamento de Zootecnia aAceite de atún 9423 aAceite de soya9450 aÁcidos grasos  aAves de corral xx Engorda 9140625 aAves de corralxAlimentación 98638 aPollos xx Engorda 9142650 aTESIS R 1925 aM a2006 c2 c2 c168405d168405 00104070aZbZc1d2006-02-23f2l0pz_T 2428r2022-01-18 00:00:00t1w2022-01-18y2z2 00104070aZbZc1d2006-02-23f2l0pz_T 2433r2022-01-18 00:00:00t2w2022-01-18y2z3